Slovník náboženství / Mircea Eliade, Ioan P. Culianu ; spoluprac. H. S. Wiesner ; z franc. přel. Milan Lyčka ; typografie Jiří Sušanka
Record details
- ISBN: 80-202-0438-5
- Physical Description: 318 s. ; 20 cm
- Edition: 1. vyd.
- Publisher: Praha : Český spisovatel, 1993
Content descriptions
| General Note: | Jmenný a názvový rejstřík s výkladem Přehl. lit |
Search for related items by subject
| Genre: | výkladové slovníky |
Available copies
- 5 of 5 copies available at Common Catalog SPOK.
Holds
- 0 current holds with 5 total copies.
Show Only Available Copies
| Location | Call Number / Copy Notes | Barcode | Shelving Location | Status | Due Date |
|---|---|---|---|---|---|
| ETS Library | 200.3 | 424470002873 | Volný výběr | Available | - |
| Hospic Dobrého Pastýře | PA
Tematická katagorie: Filozofie (FI) |
020457018638 | Stacks | Available | - |
| Jabok Library | RE-1.1 | 424480000749 | Odborná literatura | Available | - |
| Jabok Library | RE-1.1 | 424480007309 | Odborná literatura | Available | - |
| The Jewish community of Prague | J 733 | 4638303701 | J - Judaika | Available | - |
| LDR | 01508nam a2200409 4500 | ||
|---|---|---|---|
| 001 | 29884 | ||
| 003 | CZ-PrJAB | ||
| 005 | 20220316094117.0 | ||
| 007 | tu | ||
| 008 | 940426s1993 xr d u0|1 cze | ||
| 015 | . | ‡acnb000082309 | |
| 020 | . | ‡a80-202-0438-5 ‡q(váz.) : ‡cKč 140,00 | |
| 035 | . | ‡a(CZ PrNK)np9418127 | |
| 035 | . | ‡a(OCoLC)30951862 | |
| 040 | . | ‡aABA001 ‡bcze | |
| 041 | 1 | . | ‡acze ‡hfre |
| 080 | . | ‡a801.32 ‡2undef | |
| 080 | . | ‡a21 ‡2undef | |
| 080 | . | ‡a23/28 ‡2undef | |
| 080 | . | ‡a29 ‡2undef | |
| 082 | 1 | 4. | ‡a200.3 |
| 100 | 1 | . | ‡aEliade, Mircea, ‡d1907-1986 ‡7jn19990002037 ‡4aut |
| 245 | 1 | 0. | ‡aSlovník náboženství / ‡cMircea Eliade, Ioan P. Culianu ; spoluprac. H. S. Wiesner ; z franc. přel. Milan Lyčka ; typografie Jiří Sušanka |
| 250 | . | ‡a1. vyd. | |
| 260 | . | ‡aPraha : ‡bČeský spisovatel, ‡c1993 ‡e(Havlíčkův Brod : ‡fTiskárny Havlíčkův Brod) | |
| 300 | . | ‡a318 s. ; ‡c20 cm | |
| 500 | . | ‡aJmenný a názvový rejstřík s výkladem | |
| 500 | . | ‡aPřehl. lit | |
| 653 | 0 | . | ‡anáboženství ‡areligionistika |
| 655 | 7. | ‡avýkladové slovníky ‡7fd133855 ‡2czenas | |
| 700 | 1 | . | ‡aWiesner, H. S. ‡4aut |
| 700 | 1 | . | ‡aCulianu, Ioan Petru, ‡d1950-1991 ‡7jn19990001565 ‡4aut |
| 700 | 1 | . | ‡aLyčka, Milan, ‡d1956- ‡7uk2009335087 ‡4trl |
| 700 | 1 | . | ‡aSušanka, Jiří ‡7jx20041022014 ‡4art |
| 765 | 0 | . | ‡tDictionnaire des religions ‡9Česky |
| 910 | . | ‡aABG450 | |
| 910 | . | ‡aBNE702 | |
| 910 | . | ‡aABG312 | |
| 910 | . | ‡aABE461 | |
| 964 | . | ‡anáboženství - slovníky výkladové | |
| 995 | . | ‡aska | |
| 999 | . | ‡a8409 ‡bAUTOGEN ‡c8409 ‡tbiblio | |
| 901 | . | ‡a29884 ‡bCZ-PrJAB ‡c29884 ‡tbiblio ‡sets | |